000 01218cam a2200337 i 4500
999 _c8328
_d8328
001 19270631
003 GBCCL
005 20241126110648.0
008 160825s2017 miu b 001 0 eng c
010 _a 2016039056
020 _a9780310524175 (hardcover)
040 _aNcWfSB/DLC
_beng
_cNcWfSB
_erda
_dDLC
042 _apcc
050 0 0 _aBS476
_b.K545 2017
082 0 0 _a220.601
_223
_bKLE
100 1 _aKlein, William W.
_q(William Wade),
_eauthor
_914496
245 1 0 _aIntroduction to biblical interpretation /
_cWilliam W. Klein, Craig L. Blomberg, Robert L. Hubbard, Jr.
250 _aThird edition.
264 1 _aGrand Rapids, Michigan :
_bZondervan,
_c[2017]
300 _a718 pages ;
_c24 cm
336 _atext
_2rdacontent
337 _aunmediated
_2rdamedia
338 _avolume
_2rdacarrier
504 _aIncludes bibliographical references and indexes.
630 0 0 _aBible
_xHermeneutics.
_91790
700 1 _aBlomberg, Craig L.,
_d1955-
_eauthor.
_9828
700 1 _aHubbard, Robert L.,
_cJr.,
_d1943-
_eauthor.
_911964
906 _a7
_bcbc
_corignew
_d1
_eecip
_f20
_gy-gencatlg
942 _2ddc
_cBK
_09